[Event "Winnipeg TNT April op"]
[Site "Winnipeg CAN"]
[Date "2011.04.26"]
[Round "4"]
[White "Rutter, Blair"]
[Black "Kaptsan, Aron"]
[Result "0-1"]
[WhiteElo "1881"]
[BlackElo "1985"]
[PlyCount "102"]
[GameId "2160767909779028"]
[EventDate "2011.04.05"]
[EventType "swiss"]
[EventRounds "4"]
[EventCountry "CAN"]
[SourceTitle "EXT 2022"]
[Source "ChessBase"]
[SourceDate "2021.10.06"]
[SourceVersion "1"]
[SourceVersionDate "2021.10.06"]
[SourceQuality "1"]

1. c4 f5 2. g3 Nf6 3. Bg2 g6 4. Nc3 Bg7 5. b4 O-O 6. Qb3 Kh8 7. Nf3 e6 8. d4 Qe7 9. Nb5 d6 10. O-O c6 11. Nc3 Nbd7 12. Bd2 e5 13. dxe5 Nxe5 14. Rad1 Be6 15. Nxe5 dxe5 16. b5 e4 17. Bf4 Qf7 18. bxc6 bxc6 19. Qa3 Bxc4 20. f3 Nd5 21. Nxd5 cxd5 22. Be3 Bxe2 23. fxe4 Bxd1 24. Rxd1 dxe4 25. Bf1 Rfd8 26. Rc1 Qd7 27. Kg2 Rdc8 28. Bc4 Rc7 29. Bf4 Rb7 30. Bb3 Rc8 31. Rd1 Qb5 32. Rd2 h6 33. Qd6 Qb6 34. Qd5 Re7 35. Re2 Qc6 36. Qd1 Rd7 37. Qe1 Qc3 38. Qf1 Rcd8 39. Rc2 Qd3 40. Re2 Kh7 41. Be6 Re7 42. Bb3 Qb5 43. Qe1 Red7 44. Kh3 Rd3 45. Rc2 Qe8 46. Rc7 R8d7 47. Ba4 g5 48. Rxd7 Rxd7 49. Qa5 Qh5+ 50. Kg2 Qe2+ 51. Kh3 g4+ 0-1

[Event "Winnipeg TNT April op"]
[Site "Winnipeg CAN"]
[Date "2011.04.26"]
[Round "4"]
[White "Wasserman, Leor"]
[Black "Boron, Anthony"]
[Result "0-1"]
[WhiteElo "1844"]
[BlackElo "1986"]
[PlyCount "154"]
[GameId "2160767909779029"]
[EventDate "2011.04.05"]
[EventType "swiss"]
[EventRounds "4"]
[EventCountry "CAN"]
[SourceTitle "EXT 2022"]
[Source "ChessBase"]
[SourceDate "2021.10.06"]
[SourceVersion "1"]
[SourceVersionDate "2021.10.06"]
[SourceQuality "1"]

1. e4 c5 2. Nf3 e6 3. d4 cxd4 4. Nxd4 Nf6 5. Nc3 Nc6 6. Nxc6 bxc6 7. Bd3 d5 8. O-O d4 9. Ne2 c5 10. c3 e5 11. f4 Bd6 12. Kh1 O-O 13. cxd4 cxd4 14. Nxd4 exf4 15. Nb5 Bg4 16. Qe1 Be5 17. Be2 a6 18. Nc3 g5 19. Nd5 Bxe2 20. Nxf6+ Qxf6 21. Qxe2 Rab8 22. Rb1 Qh6 23. Qg4 Qg6 24. b3 h5 25. Qf5 Qxf5 26. exf5 Rfc8 27. g3 fxg3 28. Bxg5 Rc2 29. hxg3 Bxg3 30. Bf4 Rh2+ 31. Kg1 Bxf4 32. Rxf4 Rxa2 33. Rh4 Kg7 34. Rxh5 Kf6 35. Rh2 Rxh2 36. Kxh2 Rb5 37. Kg3 Rxf5 38. Rc1 a5 39. Kg4 Rb5 40. Rc3 Rb4+ 41. Kf3 Kg6 42. Kg3 f5 43. Kf3 Kg5 44. Kg3 Rg4+ 45. Kf3 Rh4 46. Rc5 Rh3+ 47. Kg2 Rxb3 48. Rxa5 Kg4 49. Ra8 Rb2+ 50. Kf1 Rc2 51. Rg8+ Kf3 52. Ke1 Rg2 53. Rf8 Rg1+ 54. Kd2 f4 55. Rf7 Rg4 56. Ke1 Rg1+ 57. Kd2 Ra1 58. Rf8 Kg3 59. Rg8+ Kf2 60. Rf8 f3 61. Rg8 Ra6 62. Rd8 Ra4 63. Rd7 Rg4 64. Rd8 Kg2 65. Ke3 Rg3 66. Rf8 Rh3 67. Rg8+ Kf1 68. Rf8 f2+ 69. Kd2 Rg3 70. Rf7 Rg2 71. Ke3 Kg1 72. Rxf2 Rxf2 73. Ke4 Kg2 74. Ke5 Rf3 75. Ke4 Kg3 76. Kd4 Kf4 77. Kd5 Re3 0-1

[Event "Winnipeg TNT August op"]
[Site "Winnipeg CAN"]
[Date "2011.08.09"]
[Round "1"]
[White "Boron, Anthony"]
[Black "Iomdina, Alexander"]
[Result "1-0"]
[WhiteElo "1996"]
[BlackElo "1410"]
[PlyCount "81"]
[GameId "2160767909648989"]
[EventDate "2011.08.09"]
[EventType "swiss"]
[EventRounds "4"]
[EventCountry "CAN"]
[SourceTitle "EXT 2022"]
[Source "ChessBase"]
[SourceDate "2021.10.06"]
[SourceVersion "1"]
[SourceVersionDate "2021.10.06"]
[SourceQuality "1"]

1. e4 c5 2. Nc3 Nc6 3. f4 d6 4. Bc4 Nf6 5. Nf3 Bg4 6. h3 Bxf3 7. Qxf3 g6 8. O-O Bg7 9. d3 O-O 10. Be3 a6 11. a4 Qc7 12. Rab1 Qa5 13. Bb3 b5 14. e5 dxe5 15. Qxc6 Rac8 16. Qf3 exf4 17. Bxf4 Nd7 18. axb5 axb5 19. Ra1 Qb6 20. Nd5 Qe6 21. Rae1 Qa6 22. Nxe7+ Kh8 23. Nxc8 Qxc8 24. c3 b4 25. Bd6 Rd8 26. Be7 Ne5 27. Rxe5 Bxe5 28. Bxd8 Qxd8 29. Qxf7 bxc3 30. bxc3 Bxc3 31. Qf8+ Qxf8 32. Rxf8+ Kg7 33. Rf7+ Kh6 34. Kf2 Bd4+ 35. Kf3 Kg5 36. Rxh7 Kf6 37. Ke4 Kg5 38. Be6 Kf6 39. Bb3 Kg5 40. g4 Kf6 41. h4 1-0

[Event "Winnipeg TNT August op"]
[Site "Winnipeg CAN"]
[Date "2011.08.09"]
[Round "1"]
[White "Einarsson, Ken"]
[Black "Green, Aaron"]
[Result "0-1"]
[WhiteElo "1788"]
[BlackElo "2010"]
[PlyCount "44"]
[GameId "2160767909648990"]
[EventDate "2011.08.09"]
[EventType "swiss"]
[EventRounds "4"]
[EventCountry "CAN"]
[SourceTitle "EXT 2022"]
[Source "ChessBase"]
[SourceDate "2021.10.06"]
[SourceVersion "1"]
[SourceVersionDate "2021.10.06"]
[SourceQuality "1"]

1. d4 Nf6 2. c4 g6 3. Nc3 Bg7 4. e4 d6 5. Nf3 O-O 6. Bg5 c5 7. dxc5 dxc5 8. Qxd8 Rxd8 9. e5 Nfd7 10. Nd5 Nc6 11. Nc7 Rb8 12. e6 Nde5 13. exf7+ Kxf7 14. Be2 Bf5 15. O-O Rd7 16. Nd5 Nxf3+ 17. Bxf3 Bxb2 18. Rad1 Bd4 19. Nf4 Ne5 20. Be2 e6 21. Kh1 Kg7 22. g4 Nxg4 0-1

[Event "Winnipeg TNT August op"]
[Site "Winnipeg CAN"]
[Date "2011.08.09"]
[Round "1"]
[White "Kaptsan, Aron"]
[Black "Reimer, Bruce"]
[Result "1-0"]
[WhiteElo "1978"]
[BlackElo "1669"]
[PlyCount "61"]
[GameId "2160767909648991"]
[EventDate "2011.08.09"]
[EventType "swiss"]
[EventRounds "4"]
[EventCountry "CAN"]
[SourceTitle "EXT 2022"]
[Source "ChessBase"]
[SourceDate "2021.10.06"]
[SourceVersion "1"]
[SourceVersionDate "2021.10.06"]
[SourceQuality "1"]

1. d4 Nf6 2. c4 g6 3. Nc3 Bg7 4. e4 d6 5. f4 O-O 6. Nf3 c5 7. d5 e6 8. Bd3 exd5 9. cxd5 Bg4 10. O-O a6 11. a4 Nbd7 12. h3 Bxf3 13. Qxf3 h5 14. g3 Re8 15. Kg2 Re7 16. Be3 Ne8 17. g4 hxg4 18. hxg4 Nc7 19. Qh3 Rb8 20. Rae1 b5 21. e5 dxe5 22. d6 bxa4 23. Bc1 Re8 24. dxc7 Qxc7 25. f5 Qd6 26. fxg6 fxg6 27. Bc4+ Re6 28. g5 Rbe8 29. Rd1 Qc6+ 30. Bd5 Qb6 31. Bxe6+ 1-0

[Event "Winnipeg TNT August op"]
[Site "Winnipeg CAN"]
[Date "2011.08.09"]
[Round "1"]
[White "Kasprick, Devin"]
[Black "Joven, Perfecto"]
[Result "0-1"]
[WhiteElo "1600"]
[BlackElo "2006"]
[PlyCount "48"]
[GameId "2160767909648992"]
[EventDate "2011.08.09"]
[EventType "swiss"]
[EventRounds "4"]
[EventCountry "CAN"]
[SourceTitle "EXT 2022"]
[Source "ChessBase"]
[SourceDate "2021.10.06"]
[SourceVersion "1"]
[SourceVersionDate "2021.10.06"]
[SourceQuality "1"]

1. e4 d6 2. d4 Nf6 3. Nc3 g6 4. Bg5 Bg7 5. Bc4 O-O 6. Nge2 c5 7. a4 Qa5 8. O-O cxd4 9. Nxd4 Qxg5 10. Ndb5 Na6 11. g3 Bg4 12. f3 Bh3 13. Rf2 Nh5 14. Kh1 Qc5 15. Qe2 Nb4 16. Bb3 a6 17. g4 Nf4 18. Qe1 axb5 19. Qg1 Bd4 20. Nd1 Bg2+ 21. Qxg2 Nxg2 22. Kxg2 Bxf2 23. Nxf2 bxa4 24. Bxa4 b5 0-1

[Event "Winnipeg TNT August op"]
[Site "Winnipeg CAN"]
[Date "2011.08.09"]
[Round "1"]
[White "Kernetsky, Myron"]
[Black "Magnusson, Saul"]
[Result "1-0"]
[WhiteElo "1987"]
[BlackElo "1804"]
[PlyCount "83"]
[GameId "2160767909648993"]
[EventDate "2011.08.09"]
[EventType "swiss"]
[EventRounds "4"]
[EventCountry "CAN"]
[SourceTitle "EXT 2022"]
[Source "ChessBase"]
[SourceDate "2021.10.06"]
[SourceVersion "1"]
[SourceVersionDate "2021.10.06"]
[SourceQuality "1"]

1. d4 e6 2. c4 Nf6 3. Nf3 d5 4. Nc3 Nbd7 5. cxd5 exd5 6. Bf4 c6 7. e3 Be7 8. h3 Nf8 9. Bd3 Ng6 10. Bh2 Bd6 11. Bxd6 Qxd6 12. O-O O-O 13. a3 Ne7 14. Qc2 g6 15. b4 a6 16. Rab1 Bf5 17. a4 Bxd3 18. Qxd3 Nd7 19. Rfd1 Rfd8 20. Qd2 Nc8 21. e4 dxe4 22. Nxe4 Qf8 23. Qf4 Ne7 24. Nc5 Nd5 25. Qd2 b6 26. Nd3 Qg7 27. Rdc1 Rac8 28. Rb2 N7f6 29. Re1 a5 30. bxa5 bxa5 31. Rb7 Rd7 32. Rxd7 Nxd7 33. Qxa5 Nf8 34. Qa6 Rc7 35. Qa8 f6 36. Nc5 Nb6 37. Qb8 Nc8 38. Re8 Qh6 39. Qxc7 g5 40. Qxc8 g4 41. Rxf8+ Qxf8 42. Qxf8+ 1-0

[Event "Winnipeg TNT August op"]
[Site "Winnipeg CAN"]
[Date "2011.08.09"]
[Round "1"]
[White "Klokow, John"]
[Black "Mundwiler, Les"]
[Result "1/2-1/2"]
[WhiteElo "1807"]
[BlackElo "2097"]
[PlyCount "116"]
[GameId "2160767909648994"]
[EventDate "2011.08.09"]
[EventType "swiss"]
[EventRounds "4"]
[EventCountry "CAN"]
[SourceTitle "EXT 2022"]
[Source "ChessBase"]
[SourceDate "2021.10.06"]
[SourceVersion "1"]
[SourceVersionDate "2021.10.06"]
[SourceQuality "1"]

1. e4 c5 2. Nf3 Nc6 3. d4 cxd4 4. Nxd4 Nf6 5. Nc3 d6 6. Bc4 e6 7. Bb3 Be7 8. O-O a6 9. Be3 Bd7 10. Qe2 Na5 11. Rfd1 Nxb3 12. cxb3 h5 13. f4 Ng4 14. f5 Nxe3 15. Qxe3 Qa5 16. Qg3 Qe5 17. Qxe5 dxe5 18. fxe6 fxe6 19. Nf3 Bf6 20. a4 Rd8 21. Rd2 Ke7 22. Kf2 Bc6 23. Rad1 Rxd2+ 24. Rxd2 Rd8 25. Rxd8 Kxd8 26. h4 Kc7 27. Ke3 a5 28. Kd3 Kb6 29. Kc4 Bd7 30. b4 axb4 31. Kxb4 Be7+ 32. Kc4 Bf6 33. b4 Ka6 34. g3 Kb6 35. b5 Be8 36. Nb1 Bd7 37. Nbd2 Ka5 38. Kb3 Kb6 39. Nxe5 Be8 40. Nec4+ Kc5 41. e5 Be7 42. Ne4+ Kd4 43. Ned6 Bg6 44. Nxb7 Be4 45. Nbd6 Bd5 46. b6 Bd8 47. a5 Kc5 48. b7 Bc7 49. a6 Bb8 50. Kc3 Bxc4 51. Nxc4 Kb5 52. Nd6+ Kxa6 53. Kd4 Kb6 54. Ke4 Kc6 55. Kf4 Kd5 56. Ne8 Bxe5+ 57. Kg5 Bxg3 58. Nxg7 Kc6 1/2-1/2

[Event "Winnipeg TNT August op"]
[Site "Winnipeg CAN"]
[Date "2011.08.09"]
[Round "1"]
[White "Leaden, Bruce"]
[Black "Oberton, Daniel"]
[Result "0-1"]
[WhiteElo "1502"]
[BlackElo "1989"]
[PlyCount "38"]
[GameId "2160767909648995"]
[EventDate "2011.08.09"]
[EventType "swiss"]
[EventRounds "4"]
[EventCountry "CAN"]
[SourceTitle "EXT 2022"]
[Source "ChessBase"]
[SourceDate "2021.10.06"]
[SourceVersion "1"]
[SourceVersionDate "2021.10.06"]
[SourceQuality "1"]

1. d4 Nf6 2. Nf3 g6 3. Bf4 Bg7 4. e3 d6 5. Be2 O-O 6. O-O Nbd7 7. h3 c6 8. c4 Qb6 9. Qc2 Re8 10. Re1 e5 11. Bh2 c5 12. dxc5 Nxc5 13. Nc3 Bf5 14. e4 Ncxe4 15. Nxe4 Nxe4 16. Bd3 Nxf2 17. Qxf2 Qxf2+ 18. Kxf2 Bxd3 19. b3 e4 0-1

[Event "Winnipeg TNT August op"]
[Site "Winnipeg CAN"]
[Date "2011.08.09"]
[Round "1"]
[White "Li, Kevin"]
[Black "De los Santos, Christopher"]
[Result "1-0"]
[WhiteElo "2181"]
[BlackElo "1823"]
[PlyCount "45"]
[GameId "2160767909648996"]
[EventDate "2011.08.09"]
[EventType "swiss"]
[EventRounds "4"]
[EventCountry "CAN"]
[SourceTitle "EXT 2022"]
[Source "ChessBase"]
[SourceDate "2021.10.06"]
[SourceVersion "1"]
[SourceVersionDate "2021.10.06"]
[SourceQuality "1"]

1. e4 c6 2. d4 d5 3. Nc3 e6 4. Nf3 Nf6 5. Bd3 Be7 6. O-O h6 7. Re1 O-O 8. h3 a6 9. Bf4 c5 10. exd5 Nxd5 11. Nxd5 exd5 12. dxc5 Bxc5 13. c3 Nc6 14. Bc2 Qb6 15. Re2 Rd8 16. Qd3 f5 17. Rae1 Ne7 18. Rxe7 Bxe7 19. Rxe7 Qf6 20. Qe2 Rd7 21. Re8+ Kh7 22. Ng5+ Kg6 23. Bd1 1-0

[Event "Winnipeg TNT August op"]
[Site "Winnipeg CAN"]
[Date "2011.08.09"]
[Round "1"]
[White "Pang, Michael"]
[Black "Zaczek, Jonathon"]
[Result "1/2-1/2"]
[WhiteElo "1829"]
[BlackElo "2284"]
[PlyCount "114"]
[GameId "2160767909648997"]
[EventDate "2011.08.09"]
[EventType "swiss"]
[EventRounds "4"]
[EventCountry "CAN"]
[SourceTitle "EXT 2022"]
[Source "ChessBase"]
[SourceDate "2021.10.06"]
[SourceVersion "1"]
[SourceVersionDate "2021.10.06"]
[SourceQuality "1"]

1. e4 c5 2. Nf3 d6 3. d4 cxd4 4. Nxd4 Nf6 5. Nc3 a6 6. Bg5 e6 7. f4 Qb6 8. Qd2 Nc6 9. Nxc6 bxc6 10. O-O-O Rb8 11. b3 Nd7 12. f5 Nc5 13. Qf4 e5 14. Qf3 a5 15. Bc4 Ba6 16. Bxa6 Nxa6 17. f6 g6 18. h4 h5 19. g4 Nc5 20. Be3 Qb4 21. Bxc5 Qxc5 22. g5 Qa3+ 23. Kb1 a4 24. Rh2 d5 25. exd5 Bc5 26. dxc6 O-O 27. c7 axb3 28. cxb3 Rbc8 29. Nb5 Qb4 30. a4 e4 31. Qc3 Qxc3 32. Nxc3 Rxc7 33. Nxe4 Be3 34. Rc2 Rb7 35. Rd3 Bg1 36. Nc5 Rb4 37. Rh3 Re8 38. Kb2 Rbb8 39. Ka3 Re1 40. Nd3 Ra1+ 41. Ra2 Rb1 42. b4 Rc8 43. Rb2 Rd1 44. Rg3 Bd4 45. b5 Bxb2+ 46. Kxb2 Kf8 47. b6 Ke8 48. b7 Rb8 49. Nc5 Kd8 50. a5 Rd5 51. Rc3 Kc7 52. a6 Kb6 53. Ka3 Rxc5 54. Rxc5 Kxa6 55. Rc7 Rxb7 56. Re7 Kb6 57. Kb4 Kc6+ 1/2-1/2

[Event "Winnipeg TNT August op"]
[Site "Winnipeg CAN"]
[Date "2011.08.09"]
[Round "1"]
[White "Pottinger, Carl"]
[Black "Baron, Cody"]
[Result "1-0"]
[WhiteElo "1883"]
[BlackElo "1327"]
[PlyCount "91"]
[GameId "2160767909648998"]
[EventDate "2011.08.09"]
[EventType "swiss"]
[EventRounds "4"]
[EventCountry "CAN"]
[SourceTitle "EXT 2022"]
[Source "ChessBase"]
[SourceDate "2021.10.06"]
[SourceVersion "1"]
[SourceVersionDate "2021.10.06"]
[SourceQuality "1"]

1. c4 g6 2. g3 Nc6 3. Bg2 Ne5 4. d3 Bg7 5. Nc3 Nh6 6. Nf3 Nc6 7. O-O Bxc3 8. bxc3 Ng8 9. d4 f6 10. e4 b6 11. d5 Na5 12. Qe2 Ba6 13. Nd2 b5 14. cxb5 Bb7 15. c4 c6 16. Bb2 c5 17. e5 Qb6 18. exf6 Nxf6 19. Rfe1 Qd6 20. Bxf6 Qxf6 21. Ne4 Qe5 22. Nxc5 Qxe2 23. Rxe2 Rc8 24. Nxb7 Nxb7 25. Rd1 Nd6 26. Rde1 Rxc4 27. Rxe7+ Kd8 28. Bh3 Rc7 29. a4 Re8 30. Rxe8+ Nxe8 31. Rb1 Rc5 32. Bg2 Kc7 33. h4 Kb6 34. Re1 Nc7 35. Re7 Nxd5 36. Rxd7 Nc3 37. Rb7+ Ka5 38. Rxa7+ Kb4 39. b6 Nxa4 40. b7 Rb5 41. Bc6 Rb6 42. Bxa4 Rxb7 43. Rxb7+ Kxa4 44. Rxh7 Kb4 45. Rg7 Kc4 46. Rxg6 1-0

[Event "Winnipeg TNT August op"]
[Site "Winnipeg CAN"]
[Date "2011.08.09"]
[Round "1"]
[White "Schwartz, Leah"]
[Black "Rutter, Blair"]
[Result "0-1"]
[WhiteElo "1343"]
[BlackElo "1854"]
[PlyCount "116"]
[GameId "2160767909648999"]
[EventDate "2011.08.09"]
[EventType "swiss"]
[EventRounds "4"]
[EventCountry "CAN"]
[SourceTitle "EXT 2022"]
[Source "ChessBase"]
[SourceDate "2021.10.06"]
[SourceVersion "1"]
[SourceVersionDate "2021.10.06"]
[SourceQuality "1"]

1. e4 e6 2. Nf3 d5 3. exd5 exd5 4. Nc3 c5 5. Bb5+ Nc6 6. Bxc6+ bxc6 7. Qe2+ Be7 8. O-O h6 9. d3 Nf6 10. h3 O-O 11. Bf4 Re8 12. Qd2 Kh7 13. d4 Bd6 14. Qd3+ g6 15. Bxd6 Qxd6 16. Rae1 Bf5 17. Qd2 Ne4 18. Nxe4 dxe4 19. dxc5 Qxc5 20. Nh4 Bc8 21. Nf3 Ba6 22. Qd7 Qd5 23. Rd1 Qxd7 24. Rxd7 exf3 25. Rfd1 Bc4 26. b3 Be6 27. R7d2 fxg2 28. Kxg2 Bd5+ 29. Kh2 Re7 30. c4 Bf3 31. Rf1 Rae8 32. Kg3 Bh5 33. Kg2 Re2 34. Rxe2 Rxe2 35. a4 Rb2 36. Re1 Kg7 37. Re3 Re2 38. Rc3 g5 39. b4 Bg6 40. Kf1 Ra2 41. a5 Kf6 42. Rf3+ Ke5 43. Re3+ Kd4 44. b5 Rxa5 45. bxc6 Rc5 46. Ra3 Rxc6 47. Rxa7 Rxc4 48. Rd7+ Ke4 49. Re7+ Kf4 50. Re3 Rc1+ 51. Re1 Bd3+ 52. Kg2 Rxe1 53. f3 Re2+ 54. Kf1 Kxf3 55. Kg1 Kg3 56. Kf1 f5 57. h4 gxh4 58. Kg1 Re1# 0-1

[Event "Winnipeg TNT August op"]
[Site "Winnipeg CAN"]
[Date "2011.08.16"]
[Round "2"]
[White "Baron, Cody"]
[Black "Einarsson, Ken"]
[Result "0-1"]
[WhiteElo "1327"]
[BlackElo "1788"]
[PlyCount "56"]
[GameId "2160767909649000"]
[EventDate "2011.08.09"]
[EventType "swiss"]
[EventRounds "4"]
[EventCountry "CAN"]
[SourceTitle "EXT 2022"]
[Source "ChessBase"]
[SourceDate "2021.10.06"]
[SourceVersion "1"]
[SourceVersionDate "2021.10.06"]
[SourceQuality "1"]

1. e4 e5 2. b3 Nc6 3. Bb2 Nf6 4. Nc3 Bc5 5. Bd3 d6 6. f3 O-O 7. Nge2 Nh5 8. g3 Qf6 9. Rf1 Bh3 10. Nd5 Qg6 11. Rh1 Bg2 12. Bb5 Qg5 13. h4 Qd8 14. Rh2 Bxf3 15. Rh3 Qd7 16. Rh2 Nxg3 17. Bxc6 bxc6 18. Ndc3 Bg1 19. Qc1 Bxh2 20. d3 Nxe2 21. Nxe2 Qg4 22. Kd2 Bxe2 23. Kc3 d5 24. Ba3 dxe4 25. Bxf8 exd3 26. cxd3 Qd4+ 27. Kc2 Bf4 28. Qe1 Bxd3+ 0-1

[Event "Winnipeg TNT August op"]
[Site "Winnipeg CAN"]
[Date "2011.08.16"]
[Round "2"]
[White "De los Santos, Christopher"]
[Black "Kasprick, Devin"]
[Result "1-0"]
[WhiteElo "1823"]
[BlackElo "1600"]
[PlyCount "89"]
[GameId "2160767909649001"]
[EventDate "2011.08.09"]
[EventType "swiss"]
[EventRounds "4"]
[EventCountry "CAN"]
[SourceTitle "EXT 2022"]
[Source "ChessBase"]
[SourceDate "2021.10.06"]
[SourceVersion "1"]
[SourceVersionDate "2021.10.06"]
[SourceQuality "1"]

1. d4 d5 2. c4 e6 3. Nc3 Nf6 4. Nf3 Be7 5. Bg5 c6 6. e3 Nbd7 7. Rc1 h6 8. Bh4 a6 9. a3 O-O 10. Be2 Qc7 11. O-O dxc4 12. Bxc4 Nb6 13. Ba2 Nh7 14. Bg3 Bd6 15. Ne5 Bxe5 16. Bxe5 Qe7 17. Ne4 Nd7 18. Bd6 Qh4 19. Bxf8 Qxe4 20. Bd6 Qg6 21. Bb1 f5 22. f4 Ndf6 23. Rf3 Qf7 24. Be5 Bd7 25. b4 g5 26. Rf1 h5 27. fxg5 Nxg5 28. Bxf6 Qxf6 29. Qxh5 Be8 30. Qe2 Kg7 31. Qf2 Bg6 32. e4 f4 33. e5 Qf7 34. Bxg6 Qxg6 35. Kh1 Rf8 36. Qe2 f3 37. gxf3 Qh6 38. Rc3 Qh4 39. Qg2 Kf7 40. f4 Ne4 41. Qxe4 Rg8 42. Qf3 Qh6 43. f5 Ke7 44. fxe6 Rh8 45. Qf7+ 1-0

[Event "Winnipeg TNT August op"]
[Site "Winnipeg CAN"]
[Date "2011.08.16"]
[Round "2"]
[White "Green, Aaron"]
[Black "Kernetsky, Myron"]
[Result "1/2-1/2"]
[WhiteElo "2010"]
[BlackElo "1987"]
[PlyCount "37"]
[GameId "2160767909649002"]
[EventDate "2011.08.09"]
[EventType "swiss"]
[EventRounds "4"]
[EventCountry "CAN"]
[SourceTitle "EXT 2022"]
[Source "ChessBase"]
[SourceDate "2021.10.06"]
[SourceVersion "1"]
[SourceVersionDate "2021.10.06"]
[SourceQuality "1"]

1. e4 e6 2. d4 d5 3. e5 c5 4. c3 Nc6 5. Nf3 Qb6 6. a3 c4 7. Nbd2 Na5 8. Be2 Bd7 9. Rb1 Ne7 10. b3 cxb3 11. Nxb3 Nxb3 12. Qxb3 Nc8 13. Qc2 Qc7 14. O-O Be7 15. Bd3 h6 16. h4 Nb6 17. Bb5 Bxb5 18. Rxb5 Qc6 19. Rb1 1/2-1/2

[Event "Winnipeg TNT August op"]
[Site "Winnipeg CAN"]
[Date "2011.08.16"]
[Round "2"]
[White "Green, Jim"]
[Black "Klokow, John"]
[Result "0-1"]
[WhiteElo "1851"]
[BlackElo "1783"]
[PlyCount "54"]
[GameId "2160767909649003"]
[EventDate "2011.08.09"]
[EventType "swiss"]
[EventRounds "4"]
[EventCountry "CAN"]
[SourceTitle "EXT 2022"]
[Source "ChessBase"]
[SourceDate "2021.10.06"]
[SourceVersion "1"]
[SourceVersionDate "2021.10.06"]
[SourceQuality "1"]

1. e4 e5 2. Nf3 Nc6 3. d4 exd4 4. Nxd4 Nf6 5. Nxc6 bxc6 6. e5 Nd5 7. Bc4 Bb7 8. O-O Qh4 9. Bxd5 cxd5 10. Nd2 Be7 11. Nf3 Qh5 12. Bf4 c5 13. c3 O-O 14. Bg3 a5 15. Nh4 Qxd1 16. Rfxd1 g6 17. f4 f5 18. Kh1 Bc6 19. Nf3 a4 20. Bf2 Rfb8 21. Rd2 Rb7 22. Re1 Rab8 23. e6 d6 24. Rb1 Bf6 25. Re1 Rxb2 26. Ree2 Rxd2 27. Rxd2 Bxc3 0-1

[Event "Winnipeg TNT August op"]
[Site "Winnipeg CAN"]
[Date "2011.08.16"]
[Round "2"]
[White "Joven, Perfecto"]
[Black "Kaptsan, Aron"]
[Result "1/2-1/2"]
[WhiteElo "2006"]
[BlackElo "1978"]
[PlyCount "86"]
[GameId "2160767909649004"]
[EventDate "2011.08.09"]
[EventType "swiss"]
[EventRounds "4"]
[EventCountry "CAN"]
[SourceTitle "EXT 2022"]
[Source "ChessBase"]
[SourceDate "2021.10.06"]
[SourceVersion "1"]
[SourceVersionDate "2021.10.06"]
[SourceQuality "1"]

1. Nf3 c5 2. g3 Nc6 3. Bg2 Nf6 4. O-O d5 5. d4 cxd4 6. Nxd4 e5 7. Nxc6 bxc6 8. c4 Be6 9. Qa4 Qd7 10. Bg5 Be7 11. Nc3 Rc8 12. Bxf6 Bxf6 13. cxd5 cxd5 14. Qxd7+ Kxd7 15. Nxd5 Bxd5 16. Bxd5 Rc2 17. Rad1 Ke7 18. e4 Rxb2 19. Rc1 Rd8 20. Rc7+ Rd7 21. Rxd7+ Kxd7 22. Bxf7 Bd8 23. Kg2 Bb6 24. Kf3 Bd4 25. g4 Ke7 26. Bb3 a5 27. Kg3 a4 28. Bxa4 Rxa2 29. Bc6 Kf6 30. f4 exf4+ 31. Rxf4+ Ke7 32. Bd5 Ra3+ 33. Kg2 Rc3 34. h4 h6 35. Rf5 Kd6 36. g5 hxg5 37. Rxg5 Bf6 38. Rg4 Ke5 39. h5 Rc2+ 40. Kh3 Rc3+ 41. Rg3 Rxg3+ 42. Kxg3 Bg5 43. Kf3 Bh6 1/2-1/2

[Event "Winnipeg TNT August op"]
[Site "Winnipeg CAN"]
[Date "2011.08.16"]
[Round "2"]
[White "Lipic, Stephen"]
[Black "Swift, Ryne"]
[Result "1/2-1/2"]
[WhiteElo "1851"]
[BlackElo "1768"]
[PlyCount "32"]
[GameId "2160767909649005"]
[EventDate "2011.08.09"]
[EventType "swiss"]
[EventRounds "4"]
[EventCountry "CAN"]
[SourceTitle "EXT 2022"]
[Source "ChessBase"]
[SourceDate "2021.10.06"]
[SourceVersion "1"]
[SourceVersionDate "2021.10.06"]
[SourceQuality "1"]

1. e4 e5 2. Nf3 Nc6 3. Bc4 Bc5 4. O-O Nf6 5. c3 O-O 6. d4 exd4 7. cxd4 Bb6 8. Bg5 d6 9. Nc3 h6 10. Bh4 Bg4 11. Nd5 g5 12. Bg3 Nxe4 13. Nxb6 axb6 14. Qd3 Bxf3 15. Qxf3 Nd2 16. Qd3 Nxf1 1/2-1/2

[Event "Winnipeg TNT August op"]
[Site "Winnipeg CAN"]
[Date "2011.08.16"]
[Round "2"]
[White "Magnusson, Saul"]
[Black "Leaden, Bruce"]
[Result "1-0"]
[WhiteElo "1804"]
[BlackElo "1502"]
[PlyCount "43"]
[GameId "2160767909649006"]
[EventDate "2011.08.09"]
[EventType "swiss"]
[EventRounds "4"]
[EventCountry "CAN"]
[SourceTitle "EXT 2022"]
[Source "ChessBase"]
[SourceDate "2021.10.06"]
[SourceVersion "1"]
[SourceVersionDate "2021.10.06"]
[SourceQuality "1"]

1. e4 c5 2. Nc3 g6 3. Nf3 Bg7 4. d4 cxd4 5. Nxd4 Nc6 6. Be3 Nf6 7. Bc4 O-O 8. Bb3 d6 9. f3 b6 10. Nxc6 Qc7 11. Nb4 Bb7 12. Qd2 Rfd8 13. Bh6 e6 14. O-O-O a5 15. Nd3 Bc6 16. a4 d5 17. exd5 exd5 18. Bxg7 Kxg7 19. Qf4 Ra7 20. Qxc7 Rxc7 21. Ne5 Bb7 22. Rd2 1-0

[Event "Winnipeg TNT August op"]
[Site "Winnipeg CAN"]
[Date "2011.08.16"]
[Round "2"]
[White "Mundwiler, Les"]
[Black "Pang, Michael"]
[Result "1-0"]
[WhiteElo "2097"]
[BlackElo "1829"]
[PlyCount "59"]
[GameId "2160767909649007"]
[EventDate "2011.08.09"]
[EventType "swiss"]
[EventRounds "4"]
[EventCountry "CAN"]
[SourceTitle "EXT 2022"]
[Source "ChessBase"]
[SourceDate "2021.10.06"]
[SourceVersion "1"]
[SourceVersionDate "2021.10.06"]
[SourceQuality "1"]

1. Nf3 Nf6 2. d3 d5 3. Nbd2 Nc6 4. e4 Bg4 5. c3 e5 6. h3 Bh5 7. Qc2 Bc5 8. b4 Bd6 9. Be2 a6 10. Bb2 O-O 11. O-O dxe4 12. dxe4 Qe7 13. Rfe1 Nd8 14. Nh4 Bg6 15. g3 b5 16. a4 Rb8 17. axb5 axb5 18. Ra5 c6 19. Rea1 Ne6 20. Nf5 Bxf5 21. exf5 Nc7 22. Bf3 Ncd5 23. Ne4 Bc7 24. Ra7 Nxe4 25. Bxe4 Qd6 26. Bc1 Bb6 27. R7a6 Rfd8 28. Bd2 Nxb4 29. cxb4 Qxd2 30. Qxd2 1-0